| 000 | 00360 a2200157 4500 | ||
|---|---|---|---|
| 001 | 167616 | ||
| 020 | _a | ||
| 040 | _cMagnum | ||
| 100 | _aLopes, Eliane Marta Teixeira (Org) | ||
| 240 | 1 | 0 |
_a500 Anos de educacao no brasil _lpor |
| 245 | 1 | 0 | _a500 Anos de educacao no brasil |
| 362 | 0 | _a1899 | |
| 440 | 1 | _aAutĂȘntica | |
| 697 | _aPEDAGOGIA | ||
| 942 | _cBK | ||
| 999 |
_c167616 _d167616 |
||